| 000 | 00594nam a2200193 a 4500 | ||
|---|---|---|---|
| 005 | 20210219154441.0 | ||
| 008 | 030609s1947 mx r 000 0 spa d | ||
| 035 | _aUPN01000125245 | ||
| 049 | _aSEP | ||
| 050 | 4 |
_aAC70 _bB5 no.155 |
|
| 100 | 1 |
_aWagner, Ricardo, _d1813-1883 |
|
| 245 | 1 | 0 |
_aNovelas y ensayos / _cRicardo Wagner ; selección y pról. de Abrahan de los Ríos. |
| 260 |
_aMéxico : _bSEP, _c1947. |
||
| 300 | _a84 p. | ||
| 440 | 0 |
_aBiblioteca enciclopédica popular ; _v155. _p2a. época |
|
| 650 | 4 | _aMUSICA ALEMANA | |
| 700 | 1 |
_aRíos, Abrahan, de los, _ecomp. |
|
| 905 | _aLibro | ||
| 999 |
_c97424 _d97424 |
||